| 000 | 00822cam a2200193 4500 | ||
|---|---|---|---|
| 001 | WB3947-06 | ||
| 008 | 031210n2003 000 0 eng u | ||
| 035 | _a(Sirsi) u124600 | ||
| 245 | _aREIT consultation launched | ||
| 260 | _c2003 | ||
| 520 | _aThe Chancellor of the Exchequer has launched a consultation document on the creation of Real Estate Investment Trusts (REITs). The document is due to be issued with the Budget in April. A Treasury report has identified REITs as an incentive to encourage institutional investment in residential property. Information about the report is available from http://www.hm-treasury.gov.uk/ | ||
| 590 | _aWB | ||
| 650 | _aREITS | ||
| 650 | _aHM TREASURY | ||
| 650 | _aCHANCELLOR OF THE EXCHEQUER | ||
| 650 | _aPRE-BUDGET REPORT | ||
| 690 | _aECONOMIC ISSUES | ||
| 942 | _n0 | ||
| 999 |
_c73947 _d73947 |
||